ბათუმის შოთა რუსთაველის სახელმწიფო უნივერსიტეტის ბიბლიოთეკა

Genetics : (ბიბ.ჩანაწერი № 50554)

000 -LEADER
fixed length control field 01005cam a2200313 a 4500
001 - CONTROL NUMBER
control field 14771213
005 - DATE AND TIME OF LATEST TRANSACTION
control field 20200226115546.0
008 - FIXED-LENGTH DATA ELEMENTS--GENERAL INFORMATION
fixed length control field 070316s2008 nyuab b 001 0 eng
010 ## - LIBRARY OF CONGRESS CONTROL NUMBER
LC control number 2007924869
020 ## - INTERNATIONAL STANDARD BOOK NUMBER
International Standard Book Number 9780716779285 (hardcover)
020 ## - INTERNATIONAL STANDARD BOOK NUMBER
International Standard Book Number 0716779285 (hardcover)
020 ## - INTERNATIONAL STANDARD BOOK NUMBER
International Standard Book Number 9781429211451 (pbk.)
020 ## - INTERNATIONAL STANDARD BOOK NUMBER
International Standard Book Number 1429211458 (pbk.)
040 ## - CATALOGING SOURCE
Original cataloging agency DLC
Transcribing agency DLC
050 00 - LIBRARY OF CONGRESS CALL NUMBER
Classification number QH430
Item number .P54 2008
080 ## - UNIVERSAL DECIMAL CLASSIFICATION NUMBER
Universal Decimal Classification number 575 P-61
082 00 - DEWEY DECIMAL CLASSIFICATION NUMBER
Classification number 576.5
Edition number 22
100 1# - MAIN ENTRY--PERSONAL NAME
Personal name Pierce, Benjamin A.
9 (RLIN) 7475
245 10 - TITLE STATEMENT
Title Genetics :
Remainder of title a conceptual approach /
Statement of responsibility, etc. Benjamin A. Pierce.
250 ## - EDITION STATEMENT
Edition statement 3rd ed.
264 ## - PRODUCTION, PUBLICATION, DISTRIBUTION, MANUFACTURE, AND COPYRIGHT NOTICE
Place of production, publication, distribution, manufacture New York, NY :
Name of producer, publisher, distributor, manufacturer W.H. Freeman,
Date of production, publication, distribution, manufacture, or copyright notice c2008.
300 ## - PHYSICAL DESCRIPTION
Extent 730 p. (various pagings) :
Other physical details ill. (some col.), col. map ;
Dimensions 28 cm.
504 ## - BIBLIOGRAPHY, ETC. NOTE
Bibliography, etc. note Includes bibliographical references and index.
650 #0 - SUBJECT ADDED ENTRY--TOPICAL TERM
Topical term or geographic name entry element Genetics.
9 (RLIN) 7476
653 ## - INDEX TERM--UNCONTROLLED
keyword გენეტიკა
906 ## - LOCAL DATA ELEMENT F, LDF (RLIN)
a 7
b cbc
c orignew
d 2
e epcn
f 20
g y-gencatlg
942 ## - ADDED ENTRY ELEMENTS (KOHA)
Source of classification or shelving scheme
Koha item type წიგნი
ეგზემპლარები
Withdrawn status Lost status Source of classification or shelving scheme Damaged status Not for loan Permanent Location Current Location Shelving location Date acquired Cost, normal purchase price Full call number Barcode Date last seen Copy number Price effective from Koha item type Public note
          ბათუმის შოთა რუსთაველის სახელმწიფო უნივერსიტეტის მთავარი ბიბლიოთეკა ბათუმის შოთა რუსთაველის სახელმწიფო უნივერსიტეტის მთავარი ბიბლიოთეკა წიგნსაცავი 2018-12-17 280.00 575 P-61 704 2018-12-17 704 2018-12-17 წიგნი 280 ლ.